000 00591nam a2200205Ia 4500
005 20250508155520.0
008 008 250505s9999 xx 000 0 eng d
037 _aTextual
040 _aFEDL
_beng
_cFEDL
041 _aeng
_2eng
084 _a301.24, ZOL
_qFEDL
100 _aZollschan George K. Ed.
_9134484
245 0 _aExplorations in social change
260 _aBoston, USA
_bHoughton Mifflin Company
_c1964
300 _axxviii,832p
650 _aSociology
700 _a Hirsch Walter Ed.
_9767069
942 _cTEXL
_h301.24, ZOL
999 _c1357371
_d1357371